000 00548nam a22001817a 4500
005 20251108173635.0
008 250721s2006 xx 000 0 ara d
020 _a9959229009
082 1 4 _a001.42/درا
100 1 _aالدراجي، سعد عجيل مبارك
245 1 0 _aطرق البحث العلمي /
264 1 _aطرابلس :
_bدار الكتب الوطنية،
_c2006.
300 _a150 ص.
650 1 7 _aأساليب البحث
700 1 _aالشويشين، سعد إبراهيم
942 _2ddc
_cBK
999 _c108770
_d108770